Statistiques concernant Trouvez les paroles #5

Cliquez ici pour prendre le quiz!

Statistiques générales

  • Ce quiz a été pris 1 173 fois
    (833 depuis la dernière actualisation)
  • Le résultat moyen est 190 sur 247

Statistiques - réponses

Paroles% Correct
Me
97%
Je
96%
À
91%
Et
91%
La
91%
Ma
90%
M'en
90%
Vais
88%
Ce
86%
Que
86%
Tu
85%
De
84%
Mes
84%
Toi
84%
C'est
83%
82%
J'ai
81%
Su
81%
Les
80%
Qui
79%
Des
78%
Es
78%
Pour
78%
Jamais
76%
Moi
76%
Plus
76%
Du
75%
Mon
75%
Belle
74%
Peine
74%
Au
73%
Haine
73%
Bête
72%
Tes
72%
Troqué
72%
Dans
71%
N'est
71%
Sac
71%
Clacs
70%
Clics
70%
Contre
70%
Dos
70%
Faute
70%
N'ai
70%
Oublier
70%
Tête
70%
Dieu
69%
Oh
69%
T'aimer
69%
Apôtres
68%
M'entraîne
68%
Sage
68%
Diable
67%
Diras
67%
Images
67%
Qu'avant
66%
Long-métrage
65%
Quand
62%
Larmes
61%
M'emmène
61%
Route
60%
L'aime
59%
Mal
59%
Flaques
58%
Sur
57%
Tournent
57%
Pluie
55%
Armes
53%
Gouttes
53%
Front
52%
Froid
50%
Pesais
50%
Sont
48%
Cloques
47%
Donne
47%
M'éloigner
47%
Donc
46%
L'envie
46%
Perle
46%
Plaine
46%
Ailes
42%

Distribution des résultats

Percentile par nombre de réponses

% des personnes avec chaque résultat

Votre développement - résultats

Vous n’avez pas pris ce quiz depuis la dernière actualisation